01875aam a2200361 a 4500001001000000003000400010005001700014008004100031020003100072020002800103020003200131020002900163020002600192082001700218100003300235245005300268250001200321260003400333300003400367500002200401504005100423505057800474650003201052650003301084650002701117650003601144650002901180653002101209942002101230999001701251952013001268952011501398016111195OSt20131010131518.0120430s2013 nyua b 001 0 eng  a9780415681308 (hardback) : a0415681308 (hardback) : a9780415681315 (paperback) : a0415681316 (paperback) : z9780203084441 (ebk) :00a337223bCLE1 aCleaver, Tony,d1947-93406310aUnderstanding the world economy /cTony Cleaver. a4th ed. aNew York :bRoutledge,c2013. axiv, 289 p. :bill. ;c25 cm. aFormerly CIP.5Uk aIncludes bibliographical references and index.0 aGoing to market -- Market failure and the great debate -- Unemployment and inflation -- Free trade, regional agreements and job losses -- The trade in primary resources : blessing or curse? -- Customs unions and common markets -- Money, banking and international finance -- Exchange rates and currency union -- Financial crises, sovereign debt and future reform -- Economic development, growth and inequality -- The economics of terrorism -- Environmental economics : sustaining spaceship earth -- Conclusion : what future awaits us in the twenty-first century and beyond?. 0aInternational trade.934064 0aEconomic development.934065 0aDebts, External.97015 0aEnvironmental economics.934066 0aForeign exchange.934067 bEcocOctober2013 2ddccBBk337 CLE c17641d17613 00102ddc40708BaccahaMAINbMAINc1STd2013-10-10epurchasel3m1o337 CLEp000029385r2025-07-15 00:00:00s2017-06-22yBB 00102ddc40708BaccahaMAINbMAINc1STd2013-10-10epurchasel0o337 CLEp000029386r2025-07-15 00:00:00yBB